<?xml version="1.0" encoding="UTF-8"?>
<marc:record xmlns:marc="http://www.loc.gov/MARC21/slim">
   <marc:leader>00000nam a2200000 a 4500</marc:leader>
   <marc:datafield ind1="1" ind2=" " tag="100">
      <marc:subfield code="a">Bertels, Susanne (Hrsg)</marc:subfield>
      <marc:subfield code="4">aut</marc:subfield>
      <marc:subfield code="e">Verfasser/-in</marc:subfield>
   </marc:datafield>
   <marc:datafield ind1="0" ind2="0" tag="245">
      <marc:subfield code="a">Weihnachtsstern und Mandelkern</marc:subfield>
   </marc:datafield>
   <marc:datafield ind1="0" ind2="0" tag="245">
      <marc:subfield code="b">die schönsten Klassiker der Weihnachtsliteratur zum Vorlesen</marc:subfield>
   </marc:datafield>
   <marc:datafield ind1="0" ind2="0" tag="245">
      <marc:subfield code="c">Bertels, Susanne (Hrsg)</marc:subfield>
   </marc:datafield>
   <marc:datafield ind1=" " ind2="1" tag="264">
      <marc:subfield code="a">Würzburg</marc:subfield>
      <marc:subfield code="b">Ed. Bücherbär</marc:subfield>
      <marc:subfield code="c">2006</marc:subfield>
   </marc:datafield>
   <marc:datafield ind1="1" ind2=" " tag="520">
      <marc:subfield code="a">Eine eher konservative Sammlung klassischer Weihnachtsgeschichten. Der vorliegende Titel ist eine Sammlung von klassischen Weihnachtsgeschichten und -gedichten. Viele davon hat wohl bereits unsere Großelterngeneration zur Adventszeit von ihren Eltern vorgelesen bekommen. Bei den Texten u.a. von Hans Christian Andersen, Charles Dickens, Christian Morgenstern, Anna Ritter, Theodor Storm oder auch Oscar Wilde handelt es sich teils um Originale, teils um Nacherzählungen von Ilse Bintig. Die in gedeckten Farben gehaltenen, betulich-stimmungsvoll-verträumten Illustrationen von Markus Zöller (vgl. "Peterchens Mondfahrt", BA 9/05) sind zwar grafisch recht abwechslungsreich mit dem Textmaterial kombiniert, machen das aufgrund der Textauswahl jedoch tendenziell konservative Buch endgültig zu einem Hausbuch und Weihnachtsschatz für diejenigen, die Tradition pflegen wollen und (noch) an eine heile Welt glauben können oder möchten. Deshalb nur bei dringendem Bedarf an klassischen (Vorlese-)Titel zum Themenkreis "Weihnachten" empfohlen.</marc:subfield>
   </marc:datafield>
   <marc:datafield ind1=" " ind2=" " tag="020">
      <marc:subfield code="a">9783401089638</marc:subfield>
      <marc:subfield code="9">9783401089638</marc:subfield>
   </marc:datafield>
   <marc:datafield ind1=" " ind2=" " tag="041">
      <marc:subfield code="a">ger</marc:subfield>
   </marc:datafield>
   <marc:datafield ind1=" " ind2=" " tag="338">
      <marc:subfield code="a">Band</marc:subfield>
   </marc:datafield>
   <marc:datafield ind1=" " ind2=" " tag="300">
      <marc:subfield code="a">83 S. : überw. Ill.</marc:subfield>
   </marc:datafield>
</marc:record>
